000 00312nam a2200157Ia 4500
100 _aSaha/Amit
650 _aProgram
942 _cBK
366 _f25
245 _aWrite your first program
260 _bPrentice Hall of India
_c2013
082 _bSAH
300 _a234
546 _aENGLISH
999 _c21814
_d21814